Science Quiz

Random Science or Minefield Quiz

Erase the Periodic Table Quiz Stats

 Plays Quiz Updated Apr 16, 2018

Score 0/118 Timer 12:00
2,985 Plays Today
% Correct
???
24.9%
???
24.9%
???
24.6%
???
24.4%
???
24.3%
???
24.3%
???
24.1%
???
24.1%
???
24%
???
23.9%
???
23.8%
???
23.6%
???
23.5%
???
23.5%
???
23.4%
???
23.4%
???
23.4%
???
23.3%
???
23.3%
???
23.2%
???
23.2%
???
23.1%
???
23.1%
???
23.1%
???
22.6%
???
22.4%
???
22.3%
???
22.3%
???
22%
???
21.7%
???
21.6%
???
21.4%
???
21.4%
???
21.2%
???
21%
???
20.2%
???
20%
???
19.7%
???
19.4%
???
19.3%
% Correct
???
19.1%
???
18.7%
???
18.6%
???
18.5%
???
18.5%
???
18.4%
???
18.4%
???
18.3%
???
18.2%
???
18%
???
18%
???
17.9%
???
17.7%
???
17.7%
???
17.6%
???
17.4%
???
17.3%
???
17.3%
???
17.2%
???
17.2%
???
17.1%
???
16.6%
???
16.4%
???
16.3%
???
15.9%
???
15.9%
???
15.8%
???
15.5%
???
15.2%
???
15%
???
14.8%
???
14.7%
???
14.7%
???
14.7%
???
14.4%
???
14.4%
???
14.3%
???
14.3%
???
14.2%
???
14%
% Correct
???
13.8%
???
13.5%
???
13.4%
???
13.2%
???
13.2%
???
13.2%
???
13.1%
???
12.9%
???
12.9%
???
12.8%
???
12.7%
???
12.7%
???
12.5%
???
12.4%
???
12.4%
???
12.4%
???
12.1%
???
12%
???
11.9%
???
11.9%
???
11.9%
???
11.3%
???
11.3%
???
11.2%
???
11%
???
10.9%
???
10.4%
???
10%
???
9.9%
???
9.8%
???
9.3%
???
9.1%
???
8.9%
???
8.5%
???
8%
???
7.9%
???
6.5%
???
5.7%

You're not logged in!

Compare scores with friends on all Sporcle quizzes.
OR
Log In

You Might Also Like...

Show Comments

Extras

Top Quizzes Today


Score Distribution

Your Account Isn't Verified!

In order to create a playlist on Sporcle, you need to verify the email address you used during registration. Go to your Sporcle Settings to finish the process.

Report this User

Report this user for behavior that violates our Community Guidelines.

Details: